000 01625cam a2200445 a 4500
001 6625154
003 OSt
005 20210812104808.0
006 m o d
007 cr zn|
008 080423s2008 paua sb 001 0 eng d
020 _z9781599045825
035 _a(CtWfDGI)bks00023485
035 _a(NNC)6625154
038 _akhadija
040 _aCtWfDGI
_beng
_cCtWfDGI
050 1 4 _aTS155.6
_b.H357 2008eb
082 0 4 _a658.5
_222
_bLAH
245 0 0 _aHandbook of Computational Intelligence in Manufacturing and Production Management \
_cDipak Laha, Purnendu Mandal [editors].
246 3 0 _aComputational intelligence in manufacturing and production management
256 _aComputer document.
260 _aHershey, Pa. :
_bInformation Science Reference,
_cc2008
_e(Norwood, Mass. :
_fBooks24x7.com [generator])
300 _a491 p. ;
_c28 cm.
500 _aTitle from title screen.
504 _aIncludes bibliographical references and index.
516 _aText.
530 _aAvailable also in a print ed.
538 _aMode of access: Internet via World Wide Web.
550 _aDigitized and made available by: Books24x7.com.
563 _ahard cover
650 0 _aProduction management
_xTechnological innovations.
_981457
650 0 _aComputational intelligence.
_981264
655 7 _aElectronic books.
_2lcsh
_9621
700 1 _aLaha, Dipak.
_4edt
_981458
700 1 _aMandal, Purnendu.
_4edt
_981459
710 2 _aBooks24x7, Inc.
_925470
856 4 0 _uhttp://www.columbia.edu/cgi-bin/cul/resolve?clio6625154
_zClick here for full text.
942 _2ddc
_cBK
999 _c31981
_d31981